| 000 | 00797nam a2200253 i 4500 | ||
|---|---|---|---|
| 003 | DO-SdBNP | ||
| 005 | 20260521073717.0 | ||
| 007 | ta | ||
| 008 | 260520b2025 dr ||||| |||| 00| 0 spa d | ||
| 020 | _a9789945294798 | ||
| 040 |
_aDO-SdBNP _bspa _cBNPHU _erda |
||
| 041 | _aspa | ||
| 082 | 4 |
_axxx _bxxx _222 |
|
| 100 | 1 |
_aSang, Mu-Kien A. _d1955- _q(Mu-Kien Adriana) _eautor _4aut. _9331 |
|
| 245 | 1 | 0 |
_aEncuentros al atardecer : _buna celebración a la vida, mis 70 años / _cMu-Kien Adriana Sang Ben |
| 264 | 4 |
_aSanto Domingo : _bAmigo del Hogar, _c©2025. |
|
| 300 |
_a224 páginas ; _c23 cm. |
||
| 336 |
_atexto _btxt _2rdacontent |
||
| 337 |
_asin mediación _bn _2rdamedia |
||
| 338 |
_avolumen _bnc _2rdacarrier |
||
| 590 | _aInventariado, 2026/BT | ||
| 910 | _aBtavárez | ||
| 942 |
_2ddc _cLBS1 |
||
| 999 |
_c60794 _d60794 |
||